| 000 | 00892naa a22003017a 4500 | ||
|---|---|---|---|
| 001 | BR8305784 | ||
| 003 | BR-BrBNA | ||
| 005 | 20250721154421.0 | ||
| 007 | ta | ||
| 008 | 250630b bl.|||m| |||| 00| 0 por d | ||
| 040 |
_aBR-BrBNA _bpor _cBiblioteca Nacional de Agricultura |
||
| 041 | _a(Pt) | ||
| 072 |
_aF06 _b0180 _b0120 _b0170 _b0150 _b1410 |
||
| 090 | _aF06 BR8305784 | ||
| 100 | 1 | _aRodriguez, F.A. | |
| 245 | 1 | _aIrrigacao de grao | |
| 250 | 1 | _a2. ed. | |
| 500 | _aPROVARZEAS Nacional 2. ed.Brasilia, DF (Brasil): 1983. p. 139-145 [7 ref.; 10 illus.] (BR8305784-AMS) | ||
| 650 | _aIRRIGACAO | ||
| 650 | _aTRIGO | ||
| 650 | _aMILHO | ||
| 650 | _aSORGO | ||
| 650 | _aFEIJAO | ||
| 650 | _aARROZ | ||
| 490 |
_aInformacao Tecnica - Programa Nacional para Aproveitamento de Varzeas Irrigaveis (Brazil) _vno. 2 |
||
| 942 |
_cAMS _2AGRIS |
||
| 909 |
_a202506 _bLúcia _c55 _dLúcia Elande |
||
| 999 |
_c334621 _d334621 |
||